<?xml version="1.0" encoding="UTF-8"?>
<record
    xmlns:xsi="http://www.w3.org/2001/XMLSchema-instance"
    xsi:schemaLocation="http://www.loc.gov/MARC21/slim http://www.loc.gov/standards/marcxml/schema/MARC21slim.xsd"
    xmlns="http://www.loc.gov/MARC21/slim">

  <leader>00706nam a22001817a 4500</leader>
  <controlfield tag="005">20250805122751.0</controlfield>
  <datafield tag="010" ind1=" " ind2=" ">
    <subfield code="a">HIN-130135</subfield>
  </datafield>
  <datafield tag="020" ind1=" " ind2=" ">
    <subfield code="a">9789362497895</subfield>
    <subfield code="c">399.00</subfield>
  </datafield>
  <datafield tag="035" ind1=" " ind2=" ">
    <subfield code="a">HN-102481</subfield>
  </datafield>
  <datafield tag="037" ind1=" " ind2=" ">
    <subfield code="b">DBAD</subfield>
  </datafield>
  <datafield tag="082" ind1=" " ind2=" ">
    <subfield code="a">921</subfield>
  </datafield>
  <datafield tag="100" ind1=" " ind2=" ">
    <subfield code="a">&#x92D;&#x93E;&#x92E;&#x921;&#x93E;,  &#x926;&#x92F;&#x93E;&#x930;&#x93E;&#x92E; &#x938;&#x93F;&#x902;&#x939; </subfield>
    <subfield code="9">83751</subfield>
  </datafield>
  <datafield tag="245" ind1=" " ind2=" ">
    <subfield code="a">&#x906;&#x924;&#x94D;&#x92E; &#x915;&#x925;&#x93E;&#x902;&#x915; &#x924;&#x92A;&#x924;&#x93E; &#x92C;&#x91A;&#x92A;&#x928; &#x905;&#x92A;&#x928;&#x93E; &#x91C;&#x940;&#x935;&#x928; /</subfield>
    <subfield code="c">&#x926;&#x92F;&#x93E;&#x930;&#x93E;&#x92E; &#x938;&#x93F;&#x902;&#x939; &#x92D;&#x93E;&#x92E;&#x921;&#x93E; </subfield>
  </datafield>
  <datafield tag="260" ind1=" " ind2=" ">
    <subfield code="b">&#x921;&#x94D;&#x930;&#x940;&#x92E;&#x92C;&#x941;&#x915; &#x92A;&#x92C;&#x94D;&#x932;&#x93F;&#x936;&#x93F;&#x902;&#x917; </subfield>
    <subfield code="c">2025</subfield>
  </datafield>
  <datafield tag="270" ind1=" " ind2=" ">
    <subfield code="k">7249951871</subfield>
    <subfield code="m">info@dreambookpublishing.com</subfield>
  </datafield>
  <datafield tag="300" ind1=" " ind2=" ">
    <subfield code="a">341&#x92A;&#x943;.</subfield>
    <subfield code="b"> 22&#x938;&#x947;&#x92E;&#x940; (&#x905;&#x91C;&#x93F;&#x932;&#x94D;&#x926;)</subfield>
  </datafield>
  <datafield tag="942" ind1=" " ind2=" ">
    <subfield code="2">ddc</subfield>
    <subfield code="c">HN</subfield>
    <subfield code="h">921</subfield>
    <subfield code="m">&#x92D;&#x93E;&#x92E;&#x921;&#x93E;</subfield>
  </datafield>
  <datafield tag="999" ind1=" " ind2=" ">
    <subfield code="c">212820</subfield>
    <subfield code="d">212820</subfield>
  </datafield>
  <datafield tag="952" ind1=" " ind2=" ">
    <subfield code="0">0</subfield>
    <subfield code="1">0</subfield>
    <subfield code="4">0</subfield>
    <subfield code="7">0</subfield>
    <subfield code="8">NFIC</subfield>
    <subfield code="a">ZLS</subfield>
    <subfield code="b">ZLS</subfield>
    <subfield code="d">2025-08-04</subfield>
    <subfield code="e">DBAD</subfield>
    <subfield code="g">399.00</subfield>
    <subfield code="l">0</subfield>
    <subfield code="o">921 &#x92D;&#x93E;&#x92E;&#x921;&#x93E;</subfield>
    <subfield code="p">HN-102481</subfield>
    <subfield code="r">2025-08-04 00:00:00</subfield>
    <subfield code="t">1</subfield>
    <subfield code="v">399.00</subfield>
    <subfield code="w">2025-08-04</subfield>
    <subfield code="y">HN</subfield>
  </datafield>
</record>
